[Event "General Pico op"]
[Site "General Pico"]
[Date "2019.04.06"]
[Round "4"]
[White "Valli, Americo"]
[Black "Arias, Maria Paula"]
[Result "1-0"]
[WhiteElo "1945"]
[BlackElo "1621"]
[PlyCount "57"]
[EventDate "2019.04.05"]
[EventType "swiss"]
[EventRounds "6"]
[EventCountry "ARG"]
[SourceTitle "CBM 190 Extra"]
[Source "ChessBase"]
[SourceDate "2019.07.15"]
[SourceVersion "1"]
[SourceVersionDate "2019.07.15"]
[SourceQuality "1"]

1. b3 d5 2. Bb2 c5 3. e3 Nc6 4. Bb5 Bd7 5. f4 Qb6 6. a4 a6 7. Bxc6 Bxc6 8. Nf3 c4 9. a5 Qc7 10. Be5 Qd7 11. 0-0 f6 12. Bc3 e6 13. bxc4 dxc4 14. Na3 Qd5 15. Qe2 Bxa3 16. Rxa3 Ne7 17. Bb4 Bb5 18. e4 Qd7 19. Qe3 0-0 20. Nd4 Rfd8 21. Bc3 Rac8 22. Qh3 f5 23. Qg3 Ng6 24. exf5 exf5 25. Qg5 Rf8 26. h4 Qe7 27. Qxe7 Nxe7 28. Bb4 Rc7 29. Ne6 1-0

[Event "General Pico op"]
[Site "General Pico"]
[Date "2019.04.05"]
[Round "1"]
[White "Romero Barreto, Jaime Jose"]
[Black "Arias, Maria Paula"]
[Result "1-0"]
[WhiteElo "2337"]
[BlackElo "1621"]
[PlyCount "79"]
[EventDate "2019.04.05"]
[EventType "swiss"]
[EventRounds "6"]
[EventCountry "ARG"]
[SourceTitle "CBM 190 Extra"]
[Source "ChessBase"]
[SourceDate "2019.07.15"]
[SourceVersion "1"]
[SourceVersionDate "2019.07.15"]
[SourceQuality "1"]

1. e4 e6 2. d3 d5 3. Nd2 Nf6 4. Ngf3 c5 5. g3 dxe4 6. dxe4 Nc6 7. Bg2 Be7 8. 0-0 0-0 9. Re1 Qc7 10. e5 Nd5 11. Ne4 f5 12. exf6 Nxf6 13. Qe2 e5 14. Neg5 Bd6 15. Be3 Qe7 16. Rad1 Be6 17. Nxe6 Qxe6 18. Ng5 Qe7 19. Qc4+ Kh8 20. Re2 Ne8 21. Qe6 Rf6 22. Qxe7 Bxe7 23. Ne4 Rf8 24. Nxc5 Bxc5 25. Bxc5 Rf5 26. Rd7 Rc8 27. Be4 Rf6 28. Rxb7 Na5 29. Rxa7 Rxc5 30. b4 Rc8 31. Rxa5 Nd6 32. Rxe5 g6 33. Bd3 Rb8 34. b5 Kg7 35. c4 Rf3 36. Re7+ Kh6 37. R2e3 Rff8 38. Rd7 Ne8 39. Re4 Nf6 40. Rh4+ 1-0

[Event "ARG-ch (Women) 70th"]
[Site "Buenos Aires"]
[Date "2017.06.16"]
[Round "5"]
[White "Arias, Maria Paula"]
[Black "Gugliotta, Maria Julieta"]
[Result "1-0"]
[WhiteElo "1612"]
[BlackElo "1568"]
[PlyCount "73"]
[EventDate "2017.06.12"]
[EventType "swiss"]
[EventRounds "9"]
[EventCountry "ARG"]
[SourceTitle "CBM 179 Extra"]
[Source "ChessBase"]
[SourceDate "2017.08.23"]
[SourceVersion "1"]
[SourceVersionDate "2017.08.23"]
[SourceQuality "1"]

1. b3 d5 2. d4 Nf6 3. Bb2 g6 4. e3 Bg7 5. Nf3 0-0 6. Bd3 a5 7. a4 Nc6 8. 0-0 Nb4 9. Be2 Bf5 10. Na3 Re8 11. c3 Na6 12. Rc1 c5 13. Nb5 b6 14. Re1 Nc7 15. Nxc7 Qxc7 16. c4 dxc4 17. Bxc4 Red8 18. Qe2 Nd7 19. Nh4 Be4 20. f3 Bb7 21. g3 Rac8 22. e4 Qb8 23. d5 Bxb2 24. Qxb2 Ne5 25. f4 Ng4 26. Qe2 Nf6 27. Nf3 Kg7 28. Rcd1 Kg8 29. Rd2 Nd7 30. Red1 Re8 31. e5 Nf8 32. Ng5 e6 33. d6 Nd7 34. Qg4 Qa8 35. Qh3 h5 36. Nxe6 Bg2 37. Rxg2 1-0

[Event "Buenos Aires Duchamp Memorial op 4th"]
[Site "Buenos Aires"]
[Date "2012.10.25"]
[Round "4"]
[White "Benedetti, Antonella"]
[Black "Arias, Maria Paula"]
[Result "1-0"]
[WhiteElo "1995"]
[BlackElo "1665"]
[PlyCount "63"]
[EventDate "2012.10.22"]
[EventType "swiss"]
[EventRounds "9"]
[EventCountry "ARG"]
[SourceTitle "EXT 2013"]
[Source "ChessBase"]
[SourceDate "2012.11.22"]
[SourceVersion "1"]
[SourceVersionDate "2012.11.22"]
[SourceQuality "1"]

1. e4 e6 2. d3 d5 3. Nd2 Bd6 4. Ngf3 Nd7 5. g3 b6 6. Bg2 Bb7 7. 0-0 c5 8. Re1 Qc7 9. Qe2 Be7 10. Nf1 d4 11. h4 e5 12. a4 Ngf6 13. N1h2 h6 14. Nd2 Ba6 15. b3 Rc8 16. Ndf1 Bd6 17. Ng4 Rd8 18. f4 h5 19. Nxf6+ Nxf6 20. Nh2 Bc8 21. f5 Kf8 22. Bf3 Be7 23. Bg5 g6 24. Rf1 Kg7 25. Rf2 Qd6 26. Raf1 Nh7 27. f6+ Bxf6 28. Bxf6+ Nxf6 29. Bg2 Ng4 30. Rxf7+ Kh6 31. Nxg4+ hxg4 32. Qd2+ 1-0